Using the botanical insecticide to control insect pest on green mustard inexperimental station of royal university of agriculture,(ការប្រើប្រាស់ថ្នំាផ្សំពីរុក្ខជាតិក្នុងការកំចាត់ សត្វចង្រៃ លើដំណាំស្ពៃចង្កឹះ នៅស្ថានីយ៍ពិសោធន៍ដំណាំ នៃសាកលវិទ្យាល័យភូមិន្ទកសិកម្ម) (Record no. 741)

000 -LEADER
fixed length control field 00867nam a22001577a 4500
003 - CONTROL NUMBER IDENTIFIER
control field OSt
005 - DATE AND TIME OF LATEST TRANSACTION
control field 20150918151537.0
008 - FIXED-LENGTH DATA ELEMENTS--GENERAL INFORMATION
fixed length control field 150918b xxu||||| |||| 00| 0 eng d
040 ## - CATALOGING SOURCE
Transcribing agency RUA
082 ## - DEWEY DECIMAL CLASSIFICATION NUMBER
Classification number AGR PRA 2005 B032 Or.1
100 ## - MAIN ENTRY--PERSONAL NAME
9 (RLIN) 775
Personal name PRAK VUTHEA
245 ## - TITLE STATEMENT
Title Using the botanical insecticide to control insect pest on green mustard inexperimental station of royal university of agriculture,(ការប្រើប្រាស់ថ្នំាផ្សំពីរុក្ខជាតិក្នុងការកំចាត់ សត្វចង្រៃ លើដំណាំស្ពៃចង្កឹះ នៅស្ថានីយ៍ពិសោធន៍ដំណាំ នៃសាកលវិទ្យាល័យភូមិន្ទកសិកម្ម)
260 ## - PUBLICATION, DISTRIBUTION, ETC. (IMPRINT)
Place of publication, distribution, etc. phnom penh
Name of publisher, distributor, etc. RUA
Date of publication, distribution, etc. 2005
300 ## - PHYSICAL DESCRIPTION
Extent xi,38p.
Dimensions ill.
Size of unit 29cm.
942 ## - ADDED ENTRY ELEMENTS (KOHA)
Source of classification or shelving scheme
Koha item type AGR
Holdings
Price effective from Date last seen Permanent Location Not for loan Date acquired Source of classification or shelving scheme Koha item type Lost status Withdrawn status Total Renewals Date last checked out Total Checkouts Damaged status Barcode Shelving location Current Location Full call number
2015-09-182015-09-18Library Block B 2015-09-18 AGR      RUA002976 Library Block BAGR PRA 2005 B032 Or.1
2015-09-182023-11-13Library Block B 2015-09-18 AGR   2023-11-0810 RUA008718 Library Block BAGR PRA 2005 B032 Or.2
2016-01-252023-07-07Library Block B 2016-01-25 AGR  12023-06-217 RUA41368B032Library Block BAGR PRA 2005 B032 Or.3
2016-07-152018-06-26Library Block B 2016-07-15 AGR   2018-06-057 rua008732 Library Block BAGR PRA 2005 B032 Or.4
មជ្ឈមណ្ឌលឯការនៃសាកលវិទ្យាល័យភូមិន្ទកសិកម្មចំការដូង

Powered by Koha